Seminar Kebangsaan dan Kadaran Ke 2 (1986:Julai 17-18:Bandar Baru Bangi) Anjuran Bahagian Penilaian dan Perkhidmatan Harta Kementerian Kewangan dan Bahagian Perumahan dan Kerajaan Tempatan, Kementerian Perumahan

Bibliographic Details
Format: Book

MARC

LEADER 00000cam a2200000 7i4500
001 0000006408
005 20000204.0
040 |a INS 
090 0 0 |a S17 
245 0 0 |a Seminar Kebangsaan dan Kadaran Ke 2 (1986:Julai 17-18:Bandar Baru Bangi) Anjuran Bahagian Penilaian dan Perkhidmatan Harta Kementerian Kewangan dan Bahagian Perumahan dan Kerajaan Tempatan, Kementerian Perumahan 
999 |a S000000055   |b BOOK   |c Seminar   |e Default branch 
999 |a S000000724   |b BOOK   |c Seminar   |e Default branch 
999 |a S000000725   |b BOOK   |c Seminar   |e Default branch 
999 |a S000000739   |b BOOK   |c Seminar   |e Default branch